| 000 | 00477nam a2200169Ia 4500 | ||
|---|---|---|---|
| 008 | 230711s9999||||xx |||||||||||||| ||und|| | ||
| 020 | _a978-93-81238-02-8 | ||
| 041 | _aENG | ||
| 082 |
_a615.1354 _bGO-N |
||
| 100 | _aGovernment of India Ministry of Health & Family Welfare | ||
| 245 | 0 | _aNFI : National Formulary of India 2016 | |
| 250 | _a1st Ed. | ||
| 260 |
_c2016 _aGhaziabad _bThe Indian Pharmacopoeia Commission |
||
| 300 | _a960p. | ||
| 650 | _aPharmacy | ||
| 942 | _cBK | ||
| 999 |
_c7196 _d7196 |
||